00728nam a2200217Ia 4500001000900000003000500009005001700014008004100031010001100072020001800083040000900101082001600110110007400126245015100200260003100351300001100382503000800393650004300401650003700444650002900481dia_2540CHAP20230427100856.0220117s1986 xx 000 0 und d a173062 a968-892-102-5 cCHAP a338.972 I58 aMéxico. Instituto Nacional de Estadistica, Geografia e Informatica. aCuadernos de Información para la Planeación: Zacatecas /c por el Instituto Nacional de Estadística, Geografía e Informática. México. aMéxico :b INEGI,c1986 a266 p. aC/e a1.Zacatecasxcondiciones económicas  aZacatecasxcondiciones sociales  aZacatecasxestadística